Penumbra: Libros de Marcela /
Gardado en:
| Autor Principal: | |
|---|---|
| Formato: | Desconocido |
| Idioma: | Spanish |
| Publicado: |
[Lugar de publicación no identificado]:
Editoria Losada, S. A.,
1951.
|
| Materias: | |
| Etiquetas: |
Engadir etiqueta
Sen Etiquetas, Sexa o primeiro en etiquetar este rexistro!
|
MARC
| LEADER | 000000000a22000000004500 | ||
|---|---|---|---|
| 001 | 002976 | ||
| 041 | 0 | |a spa | |
| 082 | 0 | 4 | |a Ar861.4 |b F363p |
| 100 | 1 | |a Fernández Moreno, Baldomero | |
| 245 | 1 | 0 | |a Penumbra: Libros de Marcela / |c Baldomero Fernández Moreno. |
| 260 | 1 | |a [Lugar de publicación no identificado]: |b Editoria Losada, S. A., |c 1951. | |
| 300 | |a 176 páginas | ||
| 650 | 4 | |a LITERATURA ARGENTINA | |
| 650 | 4 | |a POESIA | |
| 999 | |c 9299 |d 9299 | ||
| 942 | |c BK |h Ar861.4 F363p |2 z | ||
